[Event "Ukrainian e-mail Cup, the 2nd semifinal"]
[Site "2PFK"]
[Date "2003.??.??"]
[Round "?"]
[White "Zhelezny, A.."]
[Black "Degteriov, P.."]
[Result "0-1"]
[WhiteElo "2000"]
[BlackElo "2081"]
[PlyCount "102"]
[EventDate "2003.??.??"]

1. e4 e5 2. f4 exf4 3. Nf3 d5 4. exd5 Nf6 5. Bb5+ c6 6. dxc6 Qe7+ 7. Be2 Nxc6
8. d4 Bg4 9. O-O O-O-O 10. Bxf4 Qe4 11. Qd2 Bxf3 12. Bxf3 Qxd4+ 13. Qxd4 Nxd4
14. Nd2 Bc5 15. Kh1 Rhe8 16. Nb3 Nxb3 17. axb3 a6 18. Ra4 Bd6 19. Bc1 h6 20.
Rd4 Bc7 21. Rxd8+ Bxd8 22. b4 Bb6 23. Bf4 g5 24. Bg3 Re6 25. c3 h5 26. Bd1 h4
27. Bb3 Re8 28. Bxf7 hxg3 29. Bxe8 Nxe8 30. hxg3 Nd6 31. Kh2 Nc4 32. Rf8+ Bd8
33. Rf2 Ne5 34. Rd2 g4 35. Rd4 Bb6 36. Re4 Bc7 37. Kg1 Kd7 38. Kf2 Nd3+ 39. Ke3
Nxb2 40. Rxg4 Be5 41. Kd2 b5 42. Rg5 Ke6 43. Rg6+ Bf6 44. Rg8 Na4 45. Kc2 Nxc3
46. Ra8 Nd5 47. Rxa6+ Ke5 48. Kb3 Be7 49. Ra5 Nc7 50. Ra1 Bg5 51. Rf1 51... Ne6
{The Whites have stopped corresponding.} 0-1

[Event "Ukrainian e-mail Cup, the 2nd semifinal"]
[Site "2PFK"]
[Date "2003.??.??"]
[Round "?"]
[White "Zhila, V.."]
[Black "Bubir, A.."]
[Result "1/2-1/2"]
[WhiteElo "2000"]
[BlackElo "2181"]
[PlyCount "36"]
[EventDate "2003.??.??"]

1. e4 c5 2. c3 Nf6 3. e5 Nd5 4. d4 cxd4 5. cxd4 d6 6. Nf3 Nc6 7. Bc4 Nb6 8. Bb5
dxe5 9. Nxe5 Bd7 10. Nxd7 Qxd7 11. Nc3 e6 12. O-O Be7 13. Qg4 O-O 14. Rd1 Rfd8
15. Bh6 Bf8 16. Bg5 Be7 17. Bh6 Bf8 18. Bg5 Be7 1/2-1/2

[Event "Ukrainian e-mail Cup, the 2nd semifinal"]
[Site "2PFK"]
[Date "2003.??.??"]
[Round "?"]
[White "Landik, Yu."]
[Black "Khudoly, K.."]
[Result "0-1"]
[WhiteElo "2000"]
[BlackElo "2100"]
[PlyCount "42"]
[EventDate "2003.??.??"]

1. e4 c6 2. d4 d5 3. exd5 cxd5 4. c4 Nf6 5. Nc3 e6 6. Nf3 a6 7. c5 b6 8. b4 Be7
9. Bd3 a5 10. Na4 Nbd7 11. Ne5 Nxe5 12. dxe5 Nd7 13. Nxb6 Nxb6 14. Bb5+ Nd7 15.
c6 Bxb4+ 16. Bd2 Qg5 17. cxd7+ Bxd7 18. Bxd7+ Kxd7 19. Qa4+ Kd8 20. Bxb4 Qxe5+
21. Kd2 Qd4+ 0-1

[Event "Ukrainian e-mail Cup, the 2nd semifinal"]
[Site "2PFK"]
[Date "2003.??.??"]
[Round "?"]
[White "Krainyk, T.."]
[Black "Ugrinovsky, A.."]
[Result "1-0"]
[WhiteElo "2100"]
[BlackElo "2275"]
[PlyCount "73"]
[EventDate "2003.??.??"]

1. e4 e5 2. Nf3 Nc6 3. Bb5 a6 4. Ba4 Nf6 5. O-O Be7 6. Re1 b5 7. Bb3 O-O 8. c3
d5 9. exd5 Nxd5 10. Nxe5 Nxe5 11. Rxe5 c6 12. d4 Bd6 13. Re1 Qh4 14. g3 Qh3 15.
Be3 Bg4 16. Qd3 Rae8 17. Nd2 Re6 18. a4 f5 19. Qf1 Qh5 20. f4 bxa4 21. Rxa4 Rb8
22. Bxd5 cxd5 23. Rxa6 g5 24. Qg2 Qe8 25. Qxd5 Rb5 26. Qa2 Kh8 27. Nc4 gxf4 28.
Rxd6 fxe3 29. Rxe6 Qxe6 30. Rxe3 Qg8 31. Qa6 Rb8 32. Qd6 Rf8 33. Re6 f4 34. Rf6
Ra8 35. Qe5 Ra1+ 36. Kf2 fxg3+ 37. hxg3 1-0

[Event "Ukrainian e-mail Cup, the 2nd semifinal"]
[Site "2PFK"]
[Date "2003.??.??"]
[Round "?"]
[White "Kuznetsov, I.."]
[Black "Sukhov, N.."]
[Result "1/2-1/2"]
[WhiteElo "2000"]
[BlackElo "2000"]
[PlyCount "83"]
[EventDate "2003.??.??"]

1. e4 c5 2. Nf3 Nc6 3. d4 cxd4 4. Nxd4 e5 5. Nb5 a6 6. Nd6+ Bxd6 7. Qxd6 Qf6 8.
Qd1 Nge7 9. Nc3 Qg6 10. h4 h5 11. Bg5 d5 12. exd5 Nd4 13. Bd3 Bf5 14. Bxf5
Nexf5 15. Qd3 f6 16. Be3 Qg4 17. Bxd4 Nxd4 18. f3 Qxg2 19. O-O-O O-O-O 20. f4
Rd7 21. Rhe1 Re8 22. fxe5 fxe5 23. Na4 Kb8 24. c3 Rxd5 25. Rd2 Qg4 26. Qe4 Qxe4
27. Rxe4 b5 28. Rdxd4 exd4 29. Rxe8+ Kc7 30. Re7+ Kc6 31. Re6+ Kd7 32. Rxa6
bxa4 33. c4 Rf5 34. Rxa4 Rf4 35. Ra7+ Kc6 36. Rxg7 Rxh4 37. Rg5 Rh1+ 38. Kc2 h4
39. Rd5 Rh2+ 40. Kb3 Rd2 41. Rh5 Rh2 42. Rd5 1/2-1/2

[Event "Ukrainian e-mail Cup, the 2nd semifinal"]
[Site "2PFK"]
[Date "2003.??.??"]
[Round "?"]
[White "Kulik, G.."]
[Black "Sokolov, V.."]
[Result "0-1"]
[WhiteElo "2100"]
[BlackElo "2000"]
[PlyCount "48"]
[EventDate "2003.??.??"]

1. e4 c5 2. Nf3 Nc6 3. d4 cxd4 4. Nxd4 Nf6 5. Nc3 e6 6. Ndb5 Bb4 7. a3 Bxc3+ 8.
Nxc3 d5 9. exd5 exd5 10. Bd3 d4 11. Ne2 Bf5 12. Bxf5 Qa5+ 13. b4 Qxf5 14. O-O
O-O 15. Bb2 Rfd8 16. Bxd4 Nxd4 17. Nxd4 Qf4 18. c3 Ne4 19. Rc1 Rac8 20. Qd3
Nxc3 21. Rxc3 Rxc3 22. Qxc3 Qxd4 23. Qxd4 Rxd4 24. Rc1 Kf8 0-1

[Event "Ukrainian e-mail Cup, the 2nd semifinal"]
[Site "2PFK"]
[Date "2003.??.??"]
[Round "?"]
[White "Omesj, V.."]
[Black "Svidlo, A.."]
[Result "0-1"]
[WhiteElo "2000"]
[BlackElo "2000"]
[PlyCount "76"]
[EventDate "2003.??.??"]

1. e4 e5 2. Nf3 Nf6 3. Nxe5 d6 4. Nf3 Nxe4 5. Qe2 Qe7 6. d3 Nf6 7. Bg5 Qxe2+ 8.
Bxe2 Nd5 9. a3 Be7 10. Bd2 O-O 11. c4 Nf6 12. Nc3 Nc6 13. Nb5 Bd8 14. O-O a6
15. Nbd4 Nxd4 16. Nxd4 c5 17. Nc2 Nd7 18. Rfe1 Bf6 19. Bc3 Bxc3 20. bxc3 Re8
21. Ne3 Ne5 22. Rab1 Ra7 23. Rb6 Re6 24. d4 Nd7 25. Rbb1 Nf6 26. Nd5 Bd7 27.
Nxf6+ Rxf6 28. Bg4 Ba4 29. Bd1 Bd7 30. Bg4 Ba4 31. Bf3 cxd4 32. cxd4 b6 33.
Rxb6 h6 34. Rb7 Rxb7 35. Bxb7 a5 36. f3 Rf5 37. Rc1 Bd7 38. c5 dxc5 0-1

[Event "Ukrainian e-mail Cup, the 2nd semifinal"]
[Site "2PFK"]
[Date "2003.??.??"]
[Round "?"]
[White "Sokolov, V.."]
[Black "Omesj, V.."]
[Result "1-0"]
[WhiteElo "2000"]
[BlackElo "2000"]
[PlyCount "69"]
[EventDate "2003.??.??"]

1. e4 Nf6 2. e5 Nd5 3. d4 d6 4. Nf3 Bg4 5. Be2 e6 6. O-O Be7 7. c4 Nb6 8. Nc3
O-O 9. Be3 d5 10. c5 Bxf3 11. gxf3 Nc8 12. f4 Bh4 13. Bd3 g6 14. f5 exf5 15.
Qf3 Nc6 16. Rad1 Nb4 17. Bh6 Re8 18. Bxf5 Bg5 19. Bd7 Bxh6 20. Bxe8 Qxe8 21. a3
Nc6 22. Nxd5 Qd8 23. Nf6+ Kg7 24. Ng4 Bg5 25. d5 N6e7 26. e6 f5 27. Ne5 Bf6 28.
Nd7 Ng8 29. d6 c6 30. Rfe1 Nce7 31. Qb3 Nd5 32. Qxb7 Qc8 33. Qxc8 Rxc8 34. Rxd5
cxd5 35. Nxf6 1-0

[Event "Ukrainian e-mail Cup, the 2nd semifinal"]
[Site "2PFK"]
[Date "2003.??.??"]
[Round "?"]
[White "Sukhov, N.."]
[Black "Kulik, G.."]
[Result "1-0"]
[WhiteElo "2000"]
[BlackElo "2100"]
[PlyCount "57"]
[EventDate "2003.??.??"]

1. e4 e5 2. Nf3 Nc6 3. d4 exd4 4. Nxd4 Qh4 5. Nb5 Bb4+ 6. c3 Ba5 7. Nd2 a6 8.
Na3 Bb6 9. Qe2 d6 10. Nac4 Ba7 11. Ne3 Be6 12. Nd5 Qd8 13. Nf3 Qd7 14. Be3 Bxe3
15. Qxe3 Bxd5 16. exd5+ Nce7 17. c4 Nf6 18. Bd3 O-O 19. O-O Rfe8 20. Qd2 Ng6
21. Bxg6 hxg6 22. Rfe1 b5 23. Rxe8+ Rxe8 24. b3 bxc4 25. bxc4 c6 26. dxc6 Qxc6
27. h3 Qxc4 28. Qxd6 Qe2 29. Qd4 1-0

[Event "Ukrainian e-mail Cup, the 2nd semifinal"]
[Site "2PFK"]
[Date "2003.??.??"]
[Round "?"]
[White "Ugrinovsky, A.."]
[Black "Kuznetsov, I.."]
[Result "0-1"]
[WhiteElo "2275"]
[BlackElo "2000"]
[PlyCount "94"]
[EventDate "2003.??.??"]

1. c4 e5 2. Nc3 c5 3. g3 Nc6 4. d3 d6 5. Bg2 g6 6. Nf3 Bg7 7. O-O Nge7 8. Ne1
O-O 9. f4 Be6 10. fxe5 dxe5 11. Be3 Nd4 12. Bc1 Qd7 13. e3 Ndc6 14. Ne4 b6 15.
Qa4 f5 16. Ng5 Rad8 17. Nxe6 Qxe6 18. a3 e4 19. Qc2 Na5 20. dxe4 Qxc4 21. exf5
Qxc2 22. Nxc2 Nb3 23. Rb1 Rxf5 24. Re1 Nxc1 25. e4 Nd3 26. exf5 Nxe1 27. Nxe1
Nxf5 28. Nf3 Ne3 29. b3 Rd3 30. Kf2 Rc3 31. Bh3 Kf8 32. Ng5 Bd4 33. Nxh7+ Kg7
34. Ng5 Nc4+ 35. Kg2 Nxa3 36. Ne6+ Kh6 37. Re1 Rxb3 38. Re4 Rb2+ 39. Kh1 Bf6
40. Rf4 Be7 41. Rf7 Bd6 42. Rxa7 Nb5 43. Rd7 c4 44. Nd8 Rf2 45. Bg2 c3 46. Be4
Ba3 47. Bd3 Nd6 0-1

[Event "Ukrainian e-mail Cup, the 2nd semifinal"]
[Site "2PFK"]
[Date "2003.??.??"]
[Round "?"]
[White "Khudoly, K.."]
[Black "Krainyk, T.."]
[Result "0-1"]
[WhiteElo "2100"]
[BlackElo "2100"]
[PlyCount "54"]
[EventDate "2003.??.??"]

1. e4 e5 2. f4 exf4 3. Nf3 g5 4. Bc4 g4 5. O-O gxf3 6. Qxf3 Qf6 7. e5 Qxe5 8.
Bxf7+ Kxf7 9. d4 Qf5 10. Bxf4 Nf6 11. Qe2 Qg4 12. Rf3 Bg7 13. Nc3 Re8 14. Qd2
d5 15. Raf1 Be6 16. Rg3 Qh4 17. Qf2 Ng4 18. Bg5+ Nxf2 19. Rxf2+ Kg8 20. Bxh4
Nd7 21. Nb5 Bf7 22. h3 Rec8 23. Nc3 Rf8 24. Nb5 Bg6 25. c3 Rxf2 26. Kxf2 Rc8
27. Re3 a6 0-1

[Event "Ukrainian e-mail Cup, the 2nd semifinal"]
[Site "2PFK"]
[Date "2003.??.??"]
[Round "?"]
[White "Bubir, A.."]
[Black "Landik, Yu."]
[Result "1-0"]
[WhiteElo "2181"]
[BlackElo "2000"]
[PlyCount "61"]
[EventDate "2003.??.??"]

1. e4 e5 2. Nf3 Nc6 3. Bb5 a6 4. Ba4 f5 5. d4 exd4 6. e5 Bb4+ 7. c3 dxc3 8.
Nxc3 Nge7 9. O-O Bxc3 10. bxc3 O-O 11. Ba3 Qe8 12. Nd4 b5 13. Bb3+ Kh8 14. Nxc6
dxc6 15. Bc5 f4 16. Qf3 Rf5 17. Bc2 Rxe5 18. Bd4 Rd5 19. Rfe1 Qf8 20. a4 Rb8
21. axb5 axb5 22. Ba7 Rb7 23. c4 bxc4 24. Qa3 Rd6 25. Bc5 Nf5 26. Qf3 Rb5 27.
Bxd6 Nxd6 28. Ra8 g6 29. Qxc6 f3 30. Qxc7 Rb2 31. Rxc8 1-0

[Event "Ukrainian e-mail Cup, the 2nd semifinal"]
[Site "2PFK"]
[Date "2003.??.??"]
[Round "?"]
[White "Degteriov, P.."]
[Black "Zhila, V.."]
[Result "1-0"]
[WhiteElo "2081"]
[BlackElo "2000"]
[PlyCount "97"]
[EventDate "2003.??.??"]

1. e4 c5 2. Nf3 Nc6 3. d4 cxd4 4. Nxd4 e5 5. Nb5 d6 6. Bg5 Nf6 7. Bc4 Qa5+ 8.
Nd2 Bg4 9. f3 Be6 10. c3 Qd8 11. Bxf6 gxf6 12. Bxe6 fxe6 13. Nc4 d5 14. exd5
exd5 15. Qxd5 Qxd5 16. Nc7+ Kf7 17. Nxd5 Rd8 18. Rd1 Bc5 19. Ke2 Rhg8 20. g4 a6
21. Nc7 Ke7 22. Ne3 Bxe3 23. Kxe3 Rxd1 24. Rxd1 h5 25. h3 hxg4 26. hxg4 Rc8 27.
Nd5+ Ke6 28. Ke4 Na7 29. f4 Rc4+ 30. Kf3 exf4 31. Nxf4+ Ke7 32. Rh1 Nc6 33.
Rh7+ Kd6 34. Rxb7 Ne5+ 35. Kg3 a5 36. Ra7 a4 37. Ra6+ Kd7 38. a3 Nc6 39. Nd5
Ke8 40. Nxf6+ Kd8 41. Nd5 Rc5 42. Ra8+ Kd7 43. Nb6+ Kc7 44. Nxa4 Rc4 45. b3 Re4
46. Nc5 Re3+ 47. Kf4 Rxc3 48. b4 Rc1 49. g5 1-0

[Event "Ukrainian e-mail Cup, the 2nd semifinal"]
[Site "2PFK"]
[Date "2003.??.??"]
[Round "?"]
[White "Dovzhenko, V.."]
[Black "Zhelezny, A.."]
[Result "1-0"]
[WhiteElo "2231"]
[BlackElo "2000"]
[PlyCount "55"]
[EventDate "2003.??.??"]

1. e4 e5 2. Nf3 Nc6 3. Bc4 Bc5 4. b4 Bxb4 5. c3 Be7 6. d4 Na5 7. Nxe5 Nxc4 8.
Nxc4 d5 9. exd5 Qxd5 10. Ne3 Qa5 11. O-O Nf6 12. c4 O-O 13. d5 Re8 14. Bb2 Ne4
15. Qd3 Bd6 16. Nc3 Nc5 17. Qc2 Bd7 18. Rfe1 Be5 19. Re2 Qb6 20. Rae1 Qf6 21.
Ncd1 Qf4 22. Bxe5 Rxe5 23. Nb2 Rae8 24. Nd3 Nxd3 25. Qxd3 Re4 26. Qb3 b6 27.
Qd3 a6 28. Nf1 {The Blacks have stopped correspondong.} 1-0

[Event "Ukrainian e-mail Cup, the 2nd semifinal"]
[Site "2PFK"]
[Date "2003.??.??"]
[Round "?"]
[White "Zhila, V.."]
[Black "Dovzhenko, V.."]
[Result "0-1"]
[WhiteElo "2000"]
[BlackElo "2231"]
[PlyCount "50"]
[EventDate "2003.??.??"]

1. e4 e5 2. Nf3 Nc6 3. d4 exd4 4. Nxd4 Qf6 5. Nb5 Bc5 6. Qe2 Bb6 7. N1c3 Nd4 8.
Nxd4 Qxd4 9. Be3 Qb4 10. O-O-O Ne7 11. a3 Bxe3+ 12. Qxe3 Qb6 13. Qxb6 axb6 14.
Nb5 Kd8 15. f4 Re8 16. g3 d6 17. e5 d5 18. Bg2 Bg4 19. Bxd5 Bxd1 20. Bxb7 Be2
21. Nd4 Ra7 22. Bc6 Rf8 23. Be4 Bg4 24. h3 Bd7 25. Rd1 Kc8 0-1

[Event "Ukrainian e-mail Cup, the 2nd semifinal"]
[Site "2PFK"]
[Date "2003.??.??"]
[Round "?"]
[White "Landik, Yu."]
[Black "Degteriov, P.."]
[Result "0-1"]
[WhiteElo "2000"]
[BlackElo "2081"]
[PlyCount "40"]
[EventDate "2003.??.??"]

1. e4 e5 2. Nf3 Nc6 3. Bc4 Bc5 4. b4 Bxb4 5. c3 Ba5 6. d4 exd4 7. O-O dxc3 8.
Qb3 Qf6 9. e5 Qg6 10. Nxc3 Nge7 11. Ng5 Nxe5 12. Nd5 d6 13. Nxe7 Kxe7 14. Bd5
f6 15. h4 fxg5 16. Bxg5+ Kf8 17. f4 Ng4 18. f5 Qe8 19. Be6 h6 20. Bf4 Bb6+ 0-1

[Event "Ukrainian e-mail Cup, the 2nd semifinal"]
[Site "2PFK"]
[Date "2003.??.??"]
[Round "?"]
[White "Krainyk, T.."]
[Black "Bubir, A.."]
[Result "1/2-1/2"]
[WhiteElo "2100"]
[BlackElo "2181"]
[PlyCount "63"]
[EventDate "2003.??.??"]

1. e4 c5 2. Nf3 d6 3. d4 cxd4 4. Nxd4 Nf6 5. Nc3 a6 6. Bg5 e6 7. f4 Be7 8. Qf3
Qc7 9. O-O-O Nbd7 10. g4 b5 11. Bxf6 Nxf6 12. g5 Nd7 13. f5 Nb6 14. g6 hxg6 15.
fxe6 fxe6 16. e5 b4 17. exd6 Bxd6 18. Ne4 Bf4+ 19. Kb1 e5 20. Ne2 O-O 21. Nxf4
Rxf4 22. Qb3+ Kh8 23. Ng5 Bg4 24. Re1 Qe7 25. h3 Bd7 26. Qg3 Qf6 27. Bg2 Re8
28. h4 Nc4 29. Bd5 Bc6 30. Bxc4 Bxh1 31. Nf7+ Kh7 32. h5 1/2-1/2

[Event "Ukrainian e-mail Cup, the 2nd semifinal"]
[Site "2PFK"]
[Date "2003.??.??"]
[Round "?"]
[White "Kuznetsov, I.."]
[Black "Khudoly, K.."]
[Result "1-0"]
[WhiteElo "2000"]
[BlackElo "2100"]
[PlyCount "113"]
[EventDate "2003.??.??"]

1. c4 e6 2. d4 d5 3. Nf3 c6 4. Qc2 f5 5. g3 Nf6 6. Bg2 Bd6 7. O-O O-O 8. b3 Qe7
9. Ne5 Bd7 10. Nd2 Be8 11. Ndf3 Bh5 12. Nd3 Nbd7 13. Bf4 Bxf3 14. exf3 Bxf4 15.
Nxf4 e5 16. dxe5 Nxe5 17. cxd5 cxd5 18. Qxf5 Rae8 19. Rad1 Qd6 20. Qc2 Nc6 21.
Qd2 Kh8 22. Rfe1 d4 23. Nd3 Nd5 24. f4 Nc3 25. Rxe8 Rxe8 26. Re1 Re7 27. Kf1
Kg8 28. Bf3 h6 29. Rxe7 Qxe7 30. h4 Qe6 31. Nc1 Qg6 32. h5 Qb1 33. Kg2 Kf7 34.
g4 Kg8 35. Bxc6 bxc6 36. Nd3 Nd5 37. Kh2 Qf1 38. Qc2 Nc3 39. g5 Qa1 40. a4 Qa3
41. Ne5 Qa2 42. Qxa2 Nxa2 43. Nd3 Nc3 44. Kg3 Kf7 45. Kg4 Ke6 46. f5+ Ke7 47.
f4 Ne4 48. b4 Nc3 49. Ne5 Ke8 50. Kf3 Nd5 51. Nxc6 d3 52. f6 Kf8 53. fxg7+ Kxg7
54. b5 Nxf4 55. gxh6+ Kxh6 56. Ke3 a6 57. bxa6 1-0

[Event "Ukrainian e-mail Cup, the 2nd semifinal"]
[Site "2PFK"]
[Date "2003.??.??"]
[Round "?"]
[White "Kulik, G.."]
[Black "Ugrinovsky, A.."]
[Result "0-1"]
[WhiteElo "2100"]
[BlackElo "2275"]
[PlyCount "42"]
[EventDate "2003.??.??"]

1. e4 e5 2. Nf3 Nc6 3. Bb5 a6 4. Ba4 Nf6 5. O-O Be7 6. Qe2 b5 7. Bb3 O-O 8. c3
d5 9. d3 Re8 10. Rd1 d4 11. cxd4 Nxd4 12. Nxd4 exd4 13. Nd2 c5 14. Nf3 Bd6 15.
a4 Bg4 16. h3 Bh5 17. axb5 axb5 18. Rxa8 Qxa8 19. g4 Bg6 20. Nh4 c4 21. Nxg6
hxg6 0-1

[Event "Ukrainian e-mail Cup, the 2nd semifinal"]
[Site "2PFK"]
[Date "2003.??.??"]
[Round "?"]
[White "Omesj, V.."]
[Black "Sukhov, N.."]
[Result "1/2-1/2"]
[WhiteElo "2000"]
[BlackElo "2000"]
[PlyCount "52"]
[EventDate "2003.??.??"]

1. e4 e6 2. d4 d5 3. Nd2 c5 4. exd5 exd5 5. Bb5+ Nc6 6. Ne2 Nf6 7. O-O Qb6 8.
a4 Bg4 9. h3 Bh5 10. dxc5 Bxc5 11. Nb3 O-O 12. Nxc5 Qxc5 13. Be3 Qb4 14. b3 a6
15. Bxc6 bxc6 16. f3 Rfe8 17. Bf2 Bg6 18. Re1 Nd7 19. c3 Qb7 20. b4 Ne5 21. Nf4
Bf5 22. Qd4 f6 23. h4 Qf7 24. a5 Re7 25. Re3 Rae8 26. Rae1 Nc4 1/2-1/2

[Event "Ukrainian e-mail Cup, the 2nd semifinal"]
[Site "2PFK"]
[Date "2003.??.??"]
[Round "?"]
[White "Rybchenko, A.."]
[Black "Sokolov, V.."]
[Result "1/2-1/2"]
[WhiteElo "2105"]
[BlackElo "2000"]
[PlyCount "54"]
[EventDate "2003.??.??"]

1. e4 c5 2. Nf3 e6 3. d4 cxd4 4. Nxd4 Nc6 5. Nc3 d6 6. Be2 Nf6 7. O-O Be7 8.
Be3 O-O 9. f4 e5 10. Nb3 exf4 11. Rxf4 Be6 12. Nd5 Bxd5 13. exd5 Ne5 14. Qd2
Qd7 15. Raf1 Nfg4 16. Bxg4 Nxg4 17. R4f3 Nxe3 18. Qxe3 Bd8 19. Kh1 Qb5 20. Qe4
Bf6 21. a4 Qe8 22. Nd2 Bxb2 23. Rb3 Qxe4 24. Nxe4 Be5 25. Rxb7 a5 26. Rd7 Rad8
27. Ra7 Ra8 1/2-1/2

[Event "Ukrainian e-mail Cup, the 2nd semifinal"]
[Site "2PFK"]
[Date "2003.??.??"]
[Round "?"]
[White "Sokolov, V.."]
[Black "Saenko, O.."]
[Result "1/2-1/2"]
[WhiteElo "2000"]
[BlackElo "2291"]
[PlyCount "113"]
[EventDate "2003.??.??"]

1. e4 c5 2. Nf3 d6 3. d4 cxd4 4. Nxd4 Nf6 5. Nc3 Nc6 6. Bg5 e6 7. Qd2 a6 8.
O-O-O h6 9. Be3 Nxd4 10. Qxd4 Bd7 11. Be2 Rc8 12. f4 Qc7 13. Kb1 b5 14. Rhg1
Bc6 15. Bf3 Be7 16. a3 a5 17. e5 dxe5 18. fxe5 Nd7 19. Qd3 Rb8 20. Ba7 Rb7 21.
Bd4 O-O 22. Bxc6 Qxc6 23. Qf3 Qc7 24. Rge1 b4 25. Ne4 Rc8 26. Rd2 Rcb8 27. Nd6
Bxd6 28. exd6 Qxd6 29. axb4 Qxb4 30. Qc3 Qf8 31. Qxa5 e5 32. Bc3 Qc8 33. Re3
Rb5 34. Qa7 R8b7 35. Qa4 Qc5 36. Qe4 f5 37. Qf3 e4 38. Qg3 Nf8 39. b3 Rf7 40.
Bd4 Qc6 41. Qe1 Ne6 42. Bb2 Kh7 43. h4 Ra5 44. g4 Rfa7 45. Qe2 Qa8 46. Qc4 Ra1+
47. Bxa1 Rxa1+ 48. Kb2 Qa3+ 49. Kc3 Qa5+ 50. b4 Qb6 51. Ree2 Nc7 52. Rd7 Nb5+
53. Kd2 Qb8 54. Qc5 Qf4+ 55. Re3 Qh2+ 56. Re2 Qf4+ 57. Re3 1/2-1/2

[Event "Ukrainian e-mail Cup, the 2nd semifinal"]
[Site "2PFK"]
[Date "2003.??.??"]
[Round "?"]
[White "Sukhov, N.."]
[Black "Rybchenko, A.."]
[Result "1/2-1/2"]
[WhiteElo "2000"]
[BlackElo "2105"]
[PlyCount "57"]
[EventDate "2003.??.??"]

1. e4 e5 2. Nf3 Nc6 3. Bb5 g6 4. c3 a6 5. Ba4 d6 6. d4 Bd7 7. O-O Bg7 8. d5
Nce7 9. Bxd7+ Qxd7 10. Qb3 Rb8 11. c4 h6 12. Nc3 f5 13. exf5 gxf5 14. Re1 Nf6
15. c5 O-O 16. cxd6 cxd6 17. Nxe5 dxe5 18. d6+ Kh8 19. dxe7 Qxe7 20. Bf4 Nh5
21. Be3 Rbc8 22. f3 Rc6 23. Rad1 Nf6 24. Bf2 Re6 25. Ne2 Nh5 26. Rd5 Rg8 27.
Red1 b5 28. Rd7 Qf6 29. Qe3 1/2-1/2

[Event "Ukrainian e-mail Cup, the 2nd semifinal"]
[Site "2PFK"]
[Date "2003.??.??"]
[Round "?"]
[White "Ugrinovsky, A.."]
[Black "Omesj, V.."]
[Result "1-0"]
[WhiteElo "2275"]
[BlackElo "2000"]
[PlyCount "53"]
[EventDate "2003.??.??"]

1. e4 Nf6 2. e5 Nd5 3. d4 d6 4. Nf3 Bg4 5. Be2 e6 6. O-O Be7 7. c4 Nb6 8. h3
Bh5 9. Nc3 O-O 10. Be3 d5 11. c5 Bxf3 12. Bxf3 Nc4 13. b3 Nxe3 14. fxe3 Nc6 15.
a3 f6 16. exf6 Bxf6 17. Ra2 a5 18. Rc2 Qd7 19. Qd3 Ne7 20. Bg4 g6 21. Qb5 c6
22. Qd3 Nf5 23. Rcf2 Qg7 24. Ne2 Rae8 25. Kh1 h5 26. Bxf5 exf5 27. Rf3 1-0

[Event "Ukrainian e-mail Cup, the 2nd semifinal"]
[Site "2PFK"]
[Date "2003.??.??"]
[Round "?"]
[White "Khudoly, K.."]
[Black "Kulik, G.."]
[Result "1-0"]
[WhiteElo "2100"]
[BlackElo "2100"]
[PlyCount "43"]
[EventDate "2003.??.??"]

1. Nf3 d5 2. g3 e6 3. Bg2 c5 4. O-O Nf6 5. c4 Nc6 6. cxd5 exd5 7. d4 Be7 8.
dxc5 Bxc5 9. a3 O-O 10. b4 Bb6 11. Bb2 Ne4 12. e3 Qd6 13. Nc3 Nxc3 14. Bxc3 Rd8
15. Rc1 a6 16. Qd3 Bg4 17. h3 Bh5 18. Nh4 Qe6 19. g4 Bg6 20. Nxg6 hxg6 21. Bb2
Rd7 22. Rfd1 1-0

[Event "Ukrainian e-mail Cup, the 2nd semifinal"]
[Site "2PFK"]
[Date "2003.??.??"]
[Round "?"]
[White "Degteriov, P.."]
[Black "Krainyk, T.."]
[Result "1-0"]
[WhiteElo "2081"]
[BlackElo "2100"]
[PlyCount "105"]
[EventDate "2003.??.??"]

1. e4 e5 2. Nf3 Nc6 3. Bc4 Nf6 4. Ng5 d5 5. exd5 Na5 6. Bb5+ c6 7. dxc6 bxc6 8.
Qf3 Rb8 9. Bd3 h6 10. Ne4 Nd5 11. b3 Nf4 12. Bb2 Qd5 13. Nbc3 Qe6 14. Na4 f6
15. O-O Qg4 16. Qxg4 Bxg4 17. Ba6 Kf7 18. Rae1 Bf5 19. d4 exd4 20. Bxd4 Ne6 21.
Bb2 Nc7 22. Bd3 Rd8 23. Ng5+ hxg5 24. Bxf5 g6 25. Be4 Bb4 26. Rd1 g4 27. f3
gxf3 28. Bd3 Nd5 29. Rxf3 Be7 30. Rdf1 Rh4 31. c4 Nf4 32. Rxf4 Rxf4 33. Bxg6+
Kxg6 34. Rxf4 Nb7 35. g4 Rd1+ 36. Kg2 Rd2+ 37. Rf2 Rxf2+ 38. Kxf2 f5 39. Kf3
Nd6 40. Bd4 a6 41. Nc5 fxg4+ 42. Kxg4 Nf5 43. Bg1 Nh6+ 44. Kf4 Bd6+ 45. Ke4
Bxc5 46. Bxc5 Kf6 47. b4 Nf7 48. h4 Ke6 49. a4 Nd8 50. a5 Nf7 51. b5 cxb5 52.
cxb5 axb5 53. a6 1-0

[Event "Ukrainian e-mail Cup, the 2nd semifinal"]
[Site "2PFK"]
[Date "2003.??.??"]
[Round "?"]
[White "Dovzhenko, V.."]
[Black "Landik, Yu."]
[Result "1/2-1/2"]
[WhiteElo "2231"]
[BlackElo "2000"]
[PlyCount "68"]
[EventDate "2003.??.??"]

1. e4 e5 2. Nf3 Nc6 3. Bc4 Nf6 4. Ng5 d5 5. exd5 Nd4 6. c3 b5 7. Bf1 Nxd5 8.
Ne4 Ne6 9. Bxb5+ Bd7 10. Bxd7+ Qxd7 11. O-O Be7 12. d3 O-O 13. Qf3 Rad8 14. Ng3
Bf6 15. Na3 Ndf4 16. Bxf4 Nxf4 17. d4 Ng6 18. Ne4 Be7 19. Nc2 f5 20. Ng3 e4 21.
Qe2 Bd6 22. Qc4+ Kh8 23. Rab1 Rde8 24. Rbe1 Nf4 25. Rb1 Nxg2 26. Kxg2 f4 27.
Qd5 fxg3 28. fxg3 Qg4 29. Rbe1 Rf3 30. Rxf3 Qxf3+ 31. Kh3 g5 32. Qxg5 Qf2 33.
Ne3 Qxe1 34. Qf6+ Kg8 1/2-1/2

[Event "Ukrainian e-mail Cup, the 2nd semifinal"]
[Site "2PFK"]
[Date "2003.??.??"]
[Round "?"]
[White "Landik, Yu."]
[Black "Zhelezny, A.."]
[Result "1-0"]
[WhiteElo "2000"]
[BlackElo "2000"]
[PlyCount "59"]
[EventDate "2003.??.??"]

1. e4 c5 2. Nf3 Nc6 3. d4 cxd4 4. c3 Nf6 5. e5 Nd5 6. Bc4 Nb6 7. Bb3 d6 8. exd6
Qxd6 9. O-O d3 10. Na3 Bf5 11. Nb5 Qd7 12. Bf4 Rc8 13. Nxa7 Nxa7 14. Ne5 Qb5
15. Nxf7 Rg8 16. a4 Qc5 17. Be3 Qa5 18. Nh6 gxh6 19. Bxg8 Bg6 20. f4 Nc4 21.
Bd4 Nc6 22. Bxc4 Nxd4 23. Bxd3 Bxd3 24. Qxd3 Nf5 25. b4 Rd8 26. Qh3 Qb6+ 27.
Kh1 e6 28. Rfe1 Kf7 29. Qf3 Qc7 30. Qe4 {The Whites have stopped corresponding.
} 1-0

[Event "Ukrainian e-mail Cup, the 2nd semifinal"]
[Site "2PFK"]
[Date "2003.??.??"]
[Round "?"]
[White "Krainyk, T.."]
[Black "Dovzhenko, V.."]
[Result "1-0"]
[WhiteElo "2100"]
[BlackElo "2231"]
[PlyCount "77"]
[EventDate "2003.??.??"]

1. e4 e5 2. Nf3 Nc6 3. Bb5 f5 4. Nc3 fxe4 5. Nxe4 d5 6. Nxe5 dxe4 7. Nxc6 Qd5
8. c4 Qd6 9. Nxa7+ c6 10. Nxc8 Rxc8 11. Ba4 Nf6 12. O-O Be7 13. c5 Qxc5 14. d4
exd3 15. Qxd3 O-O 16. Be3 Qb4 17. Bb3+ Kh8 18. Qd4 Qa5 19. Rad1 Rfd8 20. Qb6
Qe5 21. Bd4 Qc7 22. Rfe1 Qxb6 23. Bxb6 Rxd1 24. Rxd1 h6 25. Kf1 Ne4 26. Rd4 Nf6
27. a4 c5 28. Rd2 c4 29. Bd1 c3 30. bxc3 Rxc3 31. Bf3 Rb3 32. a5 Kh7 33. h4
Rb1+ 34. Rd1 Rxd1+ 35. Bxd1 Nd7 36. Bc7 Bxh4 37. Bg4 Nc5 38. Bc8 Bf6 39. Bxb7
1-0

[Event "Ukrainian e-mail Cup, the 2nd semifinal"]
[Site "2PFK"]
[Date "2003.??.??"]
[Round "?"]
[White "Kuznetsov, I.."]
[Black "Degteriov, P.."]
[Result "1-0"]
[WhiteElo "2000"]
[BlackElo "2081"]
[PlyCount "95"]
[EventDate "2003.??.??"]

1. c4 e5 2. g3 Nf6 3. Bg2 Bc5 4. Nc3 O-O 5. e3 d6 6. Nge2 Re8 7. O-O e4 8. d4
exd3 9. Qxd3 Nc6 10. b3 Bg4 11. Bb2 Ne5 12. Qc2 Qd7 13. Nd5 Nxd5 14. cxd5 Bh3
15. a3 Bxg2 16. Kxg2 Rac8 17. Nf4 c6 18. Rac1 Bb6 19. h3 c5 20. Qe2 g6 21. Rc2
Bd8 22. e4 Bf6 23. Nd3 Qe7 24. Re1 Nd7 25. f4 Bxb2 26. Rxb2 Nb6 27. Nf2 c4 28.
Qd1 Rc5 29. bxc4 Nxc4 30. Rbe2 f6 31. Ng4 Rf8 32. a4 Qg7 33. Qd3 Nb6 34. Qb3 h5
35. Nf2 f5 36. Qb4 Qc3 37. Qxc3 Rxc3 38. a5 Nc4 39. e5 dxe5 40. fxe5 Nxa5 41.
d6 Nc4 42. h4 Rd8 43. Nh3 b5 44. Nf4 a5 45. Ne6 Rd7 46. Nc5 Rd8 47. Nb7 Rb8 48.
d7 1-0